| 000 | 00000nam 2200000za 4500 |
| 001 | 9.577006 |
| 003 | CaOODSP |
| 005 | 20250303104651 |
| 007 | cr ||||||||||| |
| 008 | 150406|1914||||xxcaoe||o f000 0 eng d |
| 040 | |aCaOODSP|beng |
| 043 | |an-cn--- |
| 086 | 1 |aA64-2/17-1914E-PDF|zA13-1/17-1914E-PDF |
| 100 | 1 |aSpencer, J. B. |
| 245 | 10|aSwine husbandry in Canada |h[electronic resource] / |cby J.B. Spencer. |
| 260 | |aOttawa : |bDominion of Canada, Department of Agriculture : |bBranch of the Livestock Commissioner, |c1914. |
| 300 | |a72 p. : |bill. |
| 490 | 1 |aBulletin ; |vno. 17 |
| 500 | |a"August 1, 1914" |
| 500 | |aIssued also in French under title: L'élevage des porcs au Canada. |
| 500 | |aHistorical publication digitized by Agriculture and Agri-Food Canada. |
| 590 | |a13-17-Supp|b2013-07-25 |
| 690 | 07|aAnimal husbandry|2gcpds |
| 690 | 07|aHogs|2gcpds |
| 710 | 1 |aCanada. |bDepartment of Agriculture. |
| 710 | 1 |aCanada.|bLive Stock Branch. |
| 775 | 08|tL'élevage des porcs au Canada |w(CaOODSP)9.605449 |
| 830 | #0|aBulletin (Canada. Live Stock Branch)|vno. 17|w(CaOODSP)9.507548 |
| 856 | 40|ahttp://publications.gc.ca|qPDF|s27.76 MB|uhttps://publications.gc.ca/collections/collection_2013/aac-aafc/agrhist/A13-1-17-1914-eng.pdf|yno. 17 |